Atomic spectra and atomic structure (Record no. 855)

MARC details
000 -LEADER
fixed length control field 00694nam a2200217Ia 4500
003 - CONTROL NUMBER IDENTIFIER
control field IN-BaIIA
008 - FIXED-LENGTH DATA ELEMENTS--GENERAL INFORMATION
fixed length control field 211028s9999 xx 000 0 eng d
040 ## - CATALOGING SOURCE
Transcribing agency IIA Library
080 ## - UNIVERSAL DECIMAL CLASSIFICATION NUMBER
Universal Decimal Classification number 535.338
Item number HER
100 ## - MAIN ENTRY--PERSONAL NAME
Personal name Herzberg, Gerhard
9 (RLIN) 1824
245 #0 - TITLE STATEMENT
Title Atomic spectra and atomic structure
Statement of responsibility, etc. Gerhard Herzberg; translated by J. W. T. Spinks
250 ## - EDITION STATEMENT
Edition statement 2nd ed
260 ## - PUBLICATION, DISTRIBUTION, ETC.
Place of publication, distribution, etc. New York
Name of publisher, distributor, etc. Dover Publications
Date of publication, distribution, etc. 1944
300 ## - PHYSICAL DESCRIPTION
Extent xii, 257p.
650 ## - SUBJECT ADDED ENTRY--TOPICAL TERM
Topical term or geographic name entry element Astronomy and Astrophysics Thesaurus
650 ## - SUBJECT ADDED ENTRY--TOPICAL TERM
Topical term or geographic name entry element Atomic Spectra
9 (RLIN) 1533
650 ## - SUBJECT ADDED ENTRY--TOPICAL TERM
Topical term or geographic name entry element Atomic Structure
9 (RLIN) 1534
650 ## - SUBJECT ADDED ENTRY--TOPICAL TERM
Topical term or geographic name entry element Spectroscopy
9 (RLIN) 1535
700 ## - ADDED ENTRY--PERSONAL NAME
Personal name Spinks, J. W. T., tr.
9 (RLIN) 1825
942 ## - ADDED ENTRY ELEMENTS (KOHA)
Koha item type Books
Holdings
Withdrawn status Lost status Damaged status Not for loan Home library Current library Shelving location Date acquired Total Checkouts Full call number Barcode Date last seen Price effective from Koha item type
        IIA Library-Bangalore IIA Library-Bangalore General Stacks     535.338/ HER 881 05/11/2021   Books

Powered by Koha